书目信息 |
| 题名: |
政府信息公开法制比较研究
|
|
| 作者: | 赵正群 著 | |
| 分册: | ||
| 出版信息: | 天津 南开大学出版社 2013 |
|
| 页数: | 305页 | |
| 开本: | 23cm | |
| 丛书名: | ||
| 单 册: | ||
| 中图分类: | D912.104 | |
| 科图分类: | ||
| 主题词: | 国家行政机关--信息管理--法律--对比研究--世界 , 国家行政机关 , 信息管理 , 法律 , 对比研究 | |
| 电子资源: | ||
| ISBN: | 978-7-310-04170-1 | |
| 000 | 01164nam0 2200289 450 | |
| 001 | 523 | |
| 005 | 20140905102348.96 | |
| 010 | @a978-7-310-04170-1@dCNY36.00 | |
| 100 | @a20130703d2013 em y0chiy50 ea | |
| 101 | 0 | @achi@deng |
| 102 | @aCN@b120000 | |
| 105 | @ay z 000yy | |
| 106 | @ar | |
| 200 | 1 | @a政府信息公开法制比较研究@AZheng Fu Xin Xi Gong Kai Fa Zhi Bi Jiao Yan Jiu@f赵正群等著@FZhao Zheng Qun Deng Zhu |
| 210 | @a天津@c南开大学出版社@d2013 | |
| 215 | @a305页@d23cm | |
| 304 | @a著者还有:胡锦光、王锡锌、王四新、莫于川 | |
| 330 | @a本书分上下两编共17章。上编为“中国政府信息公开法制研究”,下编为“外国政府信息公开法制研究”,主要内容有中国的知情权保障与政府信息公开制度的发展进程、预算公开的价值与进路、中国的环境信息公开制度、美国信息公开推定原则及方法启示、法国信息自由保护的立法与实践、国际温室气体减排信息公开制度的构建等。 | |
| 606 | 0 | @a国家行政机关@x信息管理@x法律@x对比研究@y世界 |
| 606 | 0 | @a国家行政机关 |
| 606 | 0 | @a信息管理 |
| 606 | 0 | @a法律 |
| 606 | 0 | @a对比研究 |
| 690 | @aD912.104@v5 | |
| 701 | 0 | @a赵正群@AZhao Zheng Qun@c(法学教授)@4著 |
| 801 | 0 | @aCN@bTANGWEI@c20140603 |
| 905 | @b0840049-51@dD912.104@e519@f3 | |
| 政府信息公开法制比较研究/赵正群等著.-天津:南开大学出版社,2013 |
| 305页;23cm |
| ISBN 978-7-310-04170-1:CNY36.00 |
| 本书分上下两编共17章。上编为“中国政府信息公开法制研究”,下编为“外国政府信息公开法制研究”,主要内容有中国的知情权保障与政府信息公开制度的发展进程、预算公开的价值与进路、中国的环境信息公开制度、美国信息公开推定原则及方法启示、法国信息自由保护的立法与实践、国际温室气体减排信息公开制度的构建等。 |
| ● |
| 相关链接 |
|
|
|
|
正题名:政府信息公开法制比较研究
索取号:D912.104/519
 
预约/预借
| 序号 | 登录号 | 条形码 | 馆藏地/架位号 | 状态 | 备注 |
| 1 | 0840049 | 208400498 | 第一样本阅览室/ [索取号:D912.104/519] | 在馆 | |
| 2 | 0840050 | 208400504 | 密集书库-史法系/ [索取号:D912.104/519] | 在馆 | |
| 3 | 0840051 | 208400513 | 第一借阅区/ [索取号:D912.104/519] | 在馆 |